<?xml version="1.0" encoding="UTF-8"?><?xml-stylesheet type="text/xsl" href="static/style.xsl"?><OAI-PMH xmlns="http://www.openarchives.org/OAI/2.0/" xmlns:xsi="http://www.w3.org/2001/XMLSchema-instance" xsi:schemaLocation="http://www.openarchives.org/OAI/2.0/ http://www.openarchives.org/OAI/2.0/OAI-PMH.xsd"><responseDate>2026-06-02T13:26:04Z</responseDate><request verb="GetRecord" identifier="oai:docta.ucm.es:20.500.14352/119713" metadataPrefix="marc">https://docta.ucm.es/rest/oai/request</request><GetRecord><record><header><identifier>oai:docta.ucm.es:20.500.14352/119713</identifier><datestamp>2025-04-25T23:51:46Z</datestamp><setSpec>com_20.500.14352_14</setSpec><setSpec>col_20.500.14352_21</setSpec></header><metadata><record xmlns="http://www.loc.gov/MARC21/slim" xmlns:dcterms="http://purl.org/dc/terms/" xmlns:xsi="http://www.w3.org/2001/XMLSchema-instance" xmlns:doc="http://www.lyncode.com/xoai" xsi:schemaLocation="http://www.loc.gov/MARC21/slim http://www.loc.gov/standards/marcxml/schema/MARC21slim.xsd">
   <leader>00925njm 22002777a 4500</leader>
   <datafield ind2=" " ind1=" " tag="042">
      <subfield code="a">dc</subfield>
   </datafield>
   <datafield ind2=" " ind1=" " tag="720">
      <subfield code="a">Cartes Rodríguez, Juan Bautista</subfield>
      <subfield code="e">author</subfield>
   </datafield>
   <datafield ind2=" " ind1=" " tag="260">
      <subfield code="c">2025-03-01</subfield>
   </datafield>
   <datafield ind2=" " ind1=" " tag="520">
      <subfield code="a">This research paper aims to critically assess the protection of the environment, the rule of law, human rights, and democracy within the trade agreements between African Union Member States and the European Union. Through this study, it is identified significant disparities in the treatment of these crucial issues across various agreements, despite their prominence in the Preamble. Some agreements lack specific provisions, even when designating these issues as 'essential elements' of the agreement. Furthermore, It's also essential to underscore the interconnectedness of these topics within the treaty content.</subfield>
   </datafield>
   <datafield ind1="8" ind2=" " tag="024">
      <subfield code="a">Cartes Jodríguez, J. B. (2025). A new era of responsible trade? A critical perspective on environmental conservation, Human Rights, rule of law, and democracy affairs in EU-Africa agreements. En E. Baroncini, A. M. Daza Vargas, F. Fontanelli, G. Kostka, R. Regueiro Dubra, P. Szwedo, R. Toivanen (Coord.), The UN 2030 Agenda in the EU Trade Policy: Improving global governance for a sustainable new world (91-112). Università di Bologna.</subfield>
   </datafield>
   <datafield ind1="8" ind2=" " tag="024">
      <subfield code="a">10.6092/unibo/amsacta/8260</subfield>
   </datafield>
   <datafield ind1="8" ind2=" " tag="024">
      <subfield code="a">https://hdl.handle.net/20.500.14352/119713</subfield>
   </datafield>
   <datafield ind1="8" ind2=" " tag="024">
      <subfield code="a">https://amsacta.unibo.it/id/eprint/8260/</subfield>
   </datafield>
   <datafield ind2="0" ind1="0" tag="245">
      <subfield code="a">A new era of responsible trade? A critical perspective on environmental conservation, Human Rights, rule of law, and democracy affairs in EU-Africa agreements</subfield>
   </datafield>
</record></metadata></record></GetRecord></OAI-PMH>